000 00979nac a22002291u 4500
008 100919t xxu||||| |||| 00| 0 eng d
010 _a 92035846
020 _a0070051372 (acid-free)
082 0 0 _a658.4062
_bBET
100 _aBetz, Frederick,
_919465
245 1 0 _aStrategic Technology Management /
_cFrederick Betz.
260 _aNew York :
_bMcGraw-Hill,
_cc.1994.
300 _axvii, 476 p. :
_bill. ;
_c23 cm.
440 0 _aMcGraw-Hill engineering and technology management series
_919466
504 _aIncludes bibliographical references (p. 455-461) and index.
650 0 _aTechnology
_xManagement.
_919467
650 0 _aTechnological innovations.
_919468
650 0 _aStrategic planning.
_919469
856 4 1 _3Table of contents
_uhttp://www.loc.gov/catdir/toc/mh031/92035846.html
942 _cBB
_k658.4062BET
_2ddc
999 _c4387
_d4387